| 000 | 00689nam a22002297a 4500 | ||
|---|---|---|---|
| 003 | UA-OsUOA | ||
| 001 | 34600 | ||
| 007 | ta | ||
| 008 | 20051015b un ||||| |||| 00| 0 ukr d | ||
| 090 |
_a811.112.2 _bТ-48 |
||
| 942 | _cBK | ||
| 040 |
_aUA-OsUOA _bger _cUA-OsUOA _dUA-OsUOA |
||
| 245 |
_aТексты для чтения на немецком языке _cСост. Постникова Е. М. |
||
| 300 | _a208 с. | ||
| 955 | _a2 | ||
| 041 | _ager | ||
| 080 | _a811.112.2 | ||
| 020 | _a966-539-299-9 | ||
| 260 |
_aК. _bА.С.К. _c2001 |
||
| 650 | 7 |
_a8 Мовознавство. Художня література. Літературознавство _2UDC |
|
| 999 |
_c321030 _d321030 |
||